Test me Oshi no ko Chanmina Opening - Statistiques

Statistiques générales
  • Ce quiz a été pris 7 fois
  • Le résultat moyen est 42 sur 160
Statistiques - réponses
Réponse % Correct
me
71%
Test
71%
test
71%
ka
57%
tell
43%
Watashi
43%
watashi
43%
a
29%
chase
29%
iku
29%
karuma
29%
mo
29%
ni
29%
no
29%
oh
29%
shinu
29%
Shite
29%
Trauma
29%
Ayashiiwa
14%
bad
14%
before
14%
blink
14%
can
14%
catch
14%
curse
14%
douse
14%
Douse
14%
e
14%
fell
14%
for
14%
Furi
14%
ga
14%
gone
14%
Hen
14%
hen
14%
Hottari
14%
i'm
14%
in
14%
inon
14%
it's
14%
Jimen
14%
just
14%
karamuna
14%
kare
14%
kawaii
14%
keri
14%
kitto
14%
kono
14%
kuse
14%
Misete
14%
misete
14%
misukasarete
14%
Mondanai
14%
my
14%
naite
14%
naku
14%
Nani
14%
Nee
14%
now
14%
oshiete
14%
owaraseru
14%
please
14%
really
14%
Rikai
14%
share
14%
Shinjinaidesho
14%
shinjirundesho
14%
shinunara
14%
Shitenai
14%
smile
14%
Somosomo
14%
think
14%
too
14%
Waratte
14%
Wo
14%
wrapped
14%
yononaka
14%
You
14%
you
14%
demo
0%
Gochagocha
0%
hairu
0%
kane
0%
meshi
0%
shineba
0%
sukide
0%
umaretenainoni
0%
urusee
0%
Aucun quiz correspondant
Distribution des résultats
% des personnes avec chaque résultat
Percentile par nombre de réponses
Votre historique - résultats
Vous n’avez pas pris ce quiz